Captain America: Civil War Character Quiz - Statistics

General Stats
  • This quiz has been taken 117 times
  • The average score is 12 of 15
Answer Stats
Categories Characters % Correct
Team Iron Man Iron Man
98%
Team Captain America Captain America
96%
Black Widow
95%
Black Panther
93%
Spider-Man
93%
Ant-Man
91%
Scarlet Witch
91%
The Winter Soldier
91%
Vision
91%
Falcon
90%
Hawkeye
89%
War Machine
87%
Other Zemo
50%
Crossbones
21%
General Ross
9%
No matching quizzes found
Score Distribution
Percent of People with Each Score
Percentile by Number Answered
Your Score History
You have not taken this quiz